La corte de los milagros / (Record no. 150110)

MARC details
000 -LEADER
campo de control de longitud fija 01142nam a2200301 i 4500
001 - NÚMERO DE CONTROL
campo de control 150110
003 - IDENTIFICADOR DE NÚMERO DE CONTROL
campo de control ES-MaACL
005 - FECHA Y HORA DE LA ÚLTIMA TRANSACCIÓN
campo de control 20260202131923.0
007 - CAMPO FIJO DE DESCRIPCIÓN FÍSICA--INFORMACIÓN GENERAL
campo de control de longitud fija t|
008 - DATOS DE LONGITUD FIJA--INFORMACIÓN GENERAL
campo de control de longitud fija 071026s1938 sp |||| | spa d
080 ## - NÚMERO DE LA CLASIFICACIÓN DECIMAL UNIVERSAL
Número de la Clasificación Decimal Universal 821.134.2-31"19"
080 ## - NÚMERO DE LA CLASIFICACIÓN DECIMAL UNIVERSAL
Número de la Clasificación Decimal Universal 94(460)"1843/68"(0:82)
100 1# - ENTRADA PRINCIPAL--NOMBRE DE PERSONA
Nombre de persona Valle-Inclán, Ramón del,
Fechas asociadas al nombre 1866-1936
9 (RLIN) 112796
245 13 - MENCIÓN DEL TÍTULO
Título La corte de los milagros /
Mención de responsabilidad, etc. Ramón del Valle-Inclán ; [prólogo de Antonio Machado].
246 3# - FORMA VARIANTE DEL TITULO
Título propio/Titulo breve El ruedo ibérico.
Nombre de parte o sección de la obra La corte de los milagros
260 ## - PUBLICACIÓN, DISTRIBUCIÓN, ETC.
Lugar de publicación, distribución, etc. Madrid ;
-- Barcelona :
Nombre del editor, distribuidor, etc. Nuestro Pueblo,
Fecha de publicación, distribución, etc. 1938 (
Lugar de fabricación/manufactura Barcelona :
Fabricante Ramón Sopena)
300 ## - DESCRIPCIÓN FÍSICA
Extensión 283 p. ;
Dimensiones 24 cm.
490 1# - MENCIÓN DE SERIE
Mención de serie El ruedo ibérico ;
Designación de volumen o secuencia 1
530 ## - NOTA DISPONIBLE DE FORMULARIO FÍSICO ADICIONAL
Nota de formato físico adicional disponible Disponible en formato digital.
597 ## - NOTA DE DESCRIPCIÓN FÍSICA
NOTA DE DESCRIPCIÓN FÍSICA Ejemplar falto de cub. original.
651 #4 - PUNTO DE ACCESO ADICIONAL DE MATERIA--NOMBRE GEOGRÁFICO
Nombre geográfico España-
Subdivisión general Historia-
Subdivisión cronológica 1843-1868, Isabel II-
Subdivisión de forma Novelas.
9 (RLIN) 166739
700 1# - ENTRADA AGREGADA--NOMBRE PERSONAL
Nombre de persona Machado, Antonio,
Fechas asociadas al nombre 1875-1939
9 (RLIN) 75151
830 0# - PUNTO DE ACCESO ADICIONAL DE SERIE-TÍTULO UNIFORME
Título uniforme El ruedo ibérico ;
Designación de volumen o secuencia 1
9 (RLIN) 221119
852 ## - LOCALIZACIÓN
Ubicación ES-MaACL
Número de control de estantería A-4586
Nota libre Ejemplar muy valioso
Ubicación en estantería Sala Pecera Planta 1
856 4# - LOCALIZACIÓN Y ACCESO ELECTRÓNICOS
Identificador Uniforme de Recursos <a href="http://bdh-rd.bne.es/viewer.vm?id=0000252772&page=1 ">http://bdh-rd.bne.es/viewer.vm?id=0000252772&page=1 </a>
Texto de enlace Biblioteca Digital Hispánica
942 ## - ELEMENTOS DE ENTRADA SECUNDARIOS (KOHA)
Fuente del sistema de clasificación o colocación Clasificación decimal universal
Holdings
Estatus retirado Estado de pérdida Estado de daño No para préstamo Colección Biblioteca de origen Biblioteca actual Ubicación en estantería Fecha de adquisición Fuente de adquisición Total de préstamos Signatura topográfica completa Código de barras Visto por última vez Precio de reemplazo Tipo de ítem Koha
        Colección digital Biblioteca del Ateneo de Madrid Biblioteca del Ateneo de Madrid Sala Pecera Planta 1 17/01/2008     A-4586 1156640 23/02/2023 23/02/2023 Libro impreso